zpět

Detail výsledku týmu

KEGzistence, Plzeň

Datum a čas kvízu

18.5 Celkem bodů Celkový počet nahraných bodů na tomto kvízu bez doplňovacích otázek.
8. Pořadí na kvízu Konečné umístění týmu na tomto kvízu.

Zaznamenané odpovědi

# Otázka Odpověď Body Výsledky
1. Zubní lékařka Mariam Szyja z K... prodávala na netu své erotické fotografie 0
2. Princezna Martha Louise se v s... v Norsku 0
3. Čeští tvůrci z Warhorse Studio... Kingdom Come: Deliverance (II) 1
4. 62letý muž čelí trestnímu ozná... A) ve vlaku nefungovaly toalety 0
5. Ve Formuli 1 došlo minulý týde... Williams 0
6. Téma začneme stavbou, které mn... v roce 1985 0
7. Žebříčků hodnotících nejoškliv... jako hotel 0
8. Pravděpodobně druhá největší a... Palác Parlamentu, Bukurešť 0
9. I Slovensko má svého zástupce... Martina Šimkovičová 0
10. V této londýnské budově sídlí... SIS 0